000 00688nam a2200265Ia 4500
005 20260121172021.0
008 008 260114s9999 xx 000 0 eng d
020 _a9783030521141
037 _aEBOOK
040 _aCRL
040 _beng
040 _cCRL
041 _2eng
041 _aeng
084 _qCRL
100 _aChristopher W. Clark
_91083271
245 0 _aQueering Memory and National Identity in Transcultural U.S. Literature and Culture
260 _bSpringer
260 _bSpringer
260 _c2020
856 _uhttps://link.springer.com/openurl?genre=book&isbn=978-3-030-52114-1
942 _cEBOOK
999 _c1649005
_d1649005